| 000 | 01134nac a22002771u 4500 | ||
|---|---|---|---|
| 003 | EG-ScBUE | ||
| 005 | 20220103124359.0 | ||
| 008 | 090317s2009 ua a f 000 0 ara d | ||
| 020 | _a9771806718 | ||
| 040 |
_aEG-ScBUE _bara _erda _cEG-ScBUE _dEG-ScBUE |
||
| 043 | _af-ua--- | ||
| 082 | 0 | 4 |
_a330.962 _bح ر ب _222 |
| 100 | 1 |
_aحرب، محمد طلعت، _eمؤلف. |
|
| 245 | 1 | 0 |
_aعلاج مصر الاقتصادي : _bومشروع بنك المصريين أو بنك الأمة / _cتأليف محمد طلعت حرب ؛ دراسة أ. د. رؤوف عباس حامد. |
| 250 | _aالطبعة الثالثة. | ||
| 264 | 1 |
_aالقاهرة : _bدار الكتب و الوثائق القومية، _c2009. |
|
| 300 |
_a189 صفحة : _bإيضاحيات ؛ _c32 سم |
||
| 336 |
_2rdacontent _atext _btxt |
||
| 337 |
_2rdamedia _aunmediated _bn |
||
| 338 |
_2rdacarrier _avolume _bnc |
||
| 650 | 7 |
_aالبنوك _xأحوال اقتصادية _zمصر. _2BUEsh _920447 |
|
| 651 | 7 |
_aمصر _xأحوال اقتصادية. _2BUEsh |
|
| 653 |
_bBUSECO _cDecember2021 |
||
| 655 |
_vReading book _934232 |
||
| 942 |
_cBB _k330.962 ح ر ب _2ddc |
||
| 999 |
_c29728 _d29699 |
||